000 00681nam a22002417a 4500
001 BR8704080
003 BR-BrBNA
005 20230928092648.0
007 ta
008 230509b bl.||||| |||| 00| 0 por d
040 _aBR-BrBNA
_bpor
_cBiblioteca Nacional de Agricultura
041 _a(Por)
072 _aP40
090 _ P40 BR8704080
110 1 _aMinisterio da Agricultura, Brasilia, DF (Brasil). Escritorio de Meteorologia
_96808
245 1 _aMeteorologia e agricultura (Programacao geral)
260 3 _aBrasilia, DF (Brasil):
_c1970.
300 _a7 p.
650 _aAGRICULTURA
650 _aMETEOROLOGIA
909 _a202309
_bLucia
_c55
_dLucia Elande
942 _cBK
999 _c40459
_d40459